Normal view
MARC view
Entry Corporate Name
001 - CONTROL NUMBER
- control field: 27049
003 - CONTROL NUMBER IDENTIFIER
- control field: dpl
005 - DATE AND TIME OF LATEST TRANSACTION
- control field: 20110405111639.0
008 - FIXED-LENGTH DATA ELEMENTS
- fixed length control field: 110405|||a|||||| | ||| d
040 ## - CATALOGING SOURCE
- Original cataloging agency: dpl
- Transcribing agency: dpl
110 ## - HEADING--CORPORATE NAME
- Corporate name or jurisdiction name as entry element: National Museum Institute (New Delhi, India)
670 ## - SOURCE DATA FOUND
- Source citation: Work cat.: (dpl)0: The art of Central Asia and the Indian subcontinent in cross-cultural perspective /, 2009.
670 ## - SOURCE DATA FOUND
- Source citation: Work cat.: (dpl)0: The art of Central Asia and the Indian subcontinent in cross-cultural perspective /, 2009.
